00487nam a2200145Ia 4500008004100000082001600041100002000057245004500077250001600122260003400138300000900172942001200181999001900193952012900212210430s9999 xx 000 0 und d a669 D5591 M aGeorge E.Dieter aMechanical Metallurgy /cGeorge E.Dieter a3rd edition aNew yorkkbMcGraw- Hillc1986 a751p cBK2ddc c562931d562931 001040708NFICaSCMEbSCMEcGENd0000-00-00l1o669 D5591 MpSCME-1816q2024-10-21r2024-10-01s2024-10-01w2021-04-30yBK